00679nam a22001097a 4500040000800000082002700008100001500035245045500050260002600505300002500531856001300556 cRUA aAVM NGE 2010 B094 Or.1 aNGET, POV. aEffect of replacing fish by dry shrimp production utilization in concentrate on growth rate of quail at royal university of agriculture, ប្រសិទ្ធភាពនៃការប្រើប្រាស់កំពឹសក្រៀមជំនួសត្រីជាចំណីផ្សំលើការលូតលាស់ក្រួចសាច់ នៅសាកលវិទ្យាល័យភូមិន្ទកសិម្ម aPhnom PenhbRUAc2010 ax; 42p.bill.c29cm. uNGET POV